Private life and public order; (Record no. 121985)
[ view plain ]
| 000 -LEADER | |
|---|---|
| fixed length control field | 00956cam a22002891 4500 |
| 001 - CONTROL NUMBER | |
| control field | 754712 |
| 003 - CONTROL NUMBER IDENTIFIER | |
| control field | ARRUPE |
| 005 - DATE AND TIME OF LATEST TRANSACTION | |
| control field | 20150219111711.0 |
| 008 - FIXED-LENGTH DATA ELEMENTS--GENERAL INFORMATION | |
| fixed length control field | 710920s1968 nyu b 000 0 eng |
| 010 ## - LIBRARY OF CONGRESS CONTROL NUMBER | |
| LC control number | 67011085 |
| 040 ## - CATALOGING SOURCE | |
| Original cataloging agency | DLC |
| Transcribing agency | DLC |
| Modifying agency | DLC |
| 043 ## - GEOGRAPHIC AREA CODE | |
| Geographic area code | n-us--- |
| 050 00 - LIBRARY OF CONGRESS CALL NUMBER | |
| Classification number | HD3616.U46 |
| Item number | L6 |
| 082 00 - DEWEY DECIMAL CLASSIFICATION NUMBER | |
| Classification number | 322/.3/0973 |
| 300 ## - PHYSICAL DESCRIPTION | |
| Dimensions | 21 cm. |
| 100 1# - MAIN ENTRY--PERSONAL NAME | |
| Personal name | Lowi, Theodore J.(ed.) |
| Relator term | comp. |
| 9 (RLIN) | 14930 |
| 245 10 - TITLE STATEMENT | |
| Title | Private life and public order; |
| Remainder of title | the context of modern public policy, |
| Statement of responsibility, etc | edited with an introd. by Theodore J. Lowi. |
| 250 ## - EDITION STATEMENT | |
| Edition statement | [1st ed.] |
| 260 ## - PUBLICATION, DISTRIBUTION, ETC. (IMPRINT) | |
| Place of publication, distribution, etc | New York, |
| Name of publisher, distributor, etc | Norton |
| Date of publication, distribution, etc | [1968] |
| 300 ## - PHYSICAL DESCRIPTION | |
| Extent | xxi, 198 p. |
| 490 0# - SERIES STATEMENT | |
| Series statement | Problems of modern government |
| 504 ## - BIBLIOGRAPHY, ETC. NOTE | |
| Bibliography, etc | Bibliography: p. 197-198. |
| 650 #0 - SUBJECT ADDED ENTRY--TOPICAL TERM | |
| Topical term or geographic name as entry element | Industrial policy |
| Geographic subdivision | United States. |
| 9 (RLIN) | 5128 |
| 650 #0 - SUBJECT ADDED ENTRY--TOPICAL TERM | |
| Topical term or geographic name as entry element | Government competition |
| Geographic subdivision | United States. |
| 9 (RLIN) | 14931 |
| 650 #0 - SUBJECT ADDED ENTRY--TOPICAL TERM | |
| Topical term or geographic name as entry element | Privacy, Right of |
| Geographic subdivision | United States. |
| 9 (RLIN) | 2289 |
| 906 ## - LOCAL DATA ELEMENT F, LDF (RLIN) | |
| a | 7 |
| b | cbc |
| c | orignew |
| d | u |
| e | ocip |
| f | 19 |
| g | y-gencatlg |
| 942 ## - ADDED ENTRY ELEMENTS (KOHA) | |
| Source of classification or shelving scheme | Library of Congress Classification |
| Koha item type | Monograph ( Printed materials) |
| Withdrawn status | Lost status | Source of classification or shelving scheme | Damaged status | Not for loan | Collection code | Home library | Current library | Shelving location | Date acquired | Total Checkouts | Full call number | Barcode | Date last seen | Price effective from | Koha item type |
|---|---|---|---|---|---|---|---|---|---|---|---|---|---|---|---|
| Library of Congress Classification | Main Collection | ARRUPE LIBRARY | ARRUPE LIBRARY | Main Collection | 09/02/2015 | HD3616.U46 L6 | 46500001095 | 08/05/2018 | 09/02/2015 | Monograph ( Printed materials) |